MARC details
| 000 -LEADER |
| fixed length control field |
02215cam a2200553 a 4500 |
| 001 - CONTROL NUMBER |
| control field |
ocn706017752 |
| 003 - CONTROL NUMBER IDENTIFIER |
| control field |
OCoLC |
| 005 - DATE AND TIME OF LATEST TRANSACTION |
| control field |
20200320192228.0 |
| 008 - FIXED-LENGTH DATA ELEMENTS--GENERAL INFORMATION |
| fixed length control field |
110818s2011 nyu 000 1 eng |
| 010 ## - LIBRARY OF CONGRESS CONTROL NUMBER |
| LC control number |
2011031876 |
| 020 ## - INTERNATIONAL STANDARD BOOK NUMBER |
| International Standard Book Number |
9780451464200 |
| 020 ## - INTERNATIONAL STANDARD BOOK NUMBER |
| International Standard Book Number |
0451464206 |
| 020 ## - INTERNATIONAL STANDARD BOOK NUMBER |
| Terms of availability |
25.95 |
| 029 1# - (OCLC) |
| OCLC library identifier |
NZ1 |
| System control number |
13890792 |
| 029 1# - (OCLC) |
| OCLC library identifier |
AU@ |
| System control number |
000047607364 |
| 029 1# - (OCLC) |
| OCLC library identifier |
AU@ |
| System control number |
000049934574 |
| 035 ## - SYSTEM CONTROL NUMBER |
| System control number |
(OCoLC)706017752 |
| 040 ## - CATALOGING SOURCE |
| Original cataloging agency |
DLC |
| Language of cataloging |
eng |
| Transcribing agency |
DLC |
| Modifying agency |
BTCTA |
| -- |
UPZ |
| -- |
IEB |
| -- |
YDXCP |
| -- |
CDX |
| -- |
UBY |
| -- |
BDX |
| -- |
HQC |
| -- |
P4I |
| -- |
WACOL |
| 043 ## - GEOGRAPHIC AREA CODE |
| Geographic area code |
n-us--- |
| 049 ## - LOCAL HOLDINGS (OCLC) |
| Holding library |
WACL |
| 050 00 - LIBRARY OF CONGRESS CALL NUMBER |
| Classification number |
PS3570.U76 |
| Item number |
S87 2011 |
| 082 00 - DEWEY DECIMAL CLASSIFICATION NUMBER |
| Classification number |
813/.54 |
| Edition number |
23 |
| 092 ## - LOCALLY ASSIGNED DEWEY CALL NUMBER (OCLC) |
| Classification number |
F |
| Item number |
Tur |
| 100 1# - MAIN ENTRY--PERSONAL NAME |
| Personal name |
Turtledove, Harry. |
| 9 (RLIN) |
16604 |
| 245 10 - TITLE STATEMENT |
| Title |
Supervolcano : |
| Remainder of title |
eruption / |
| Statement of responsibility, etc |
Harry Turtledove. |
| 260 ## - PUBLICATION, DISTRIBUTION, ETC. (IMPRINT) |
| Place of publication, distribution, etc |
New York : |
| Name of publisher, distributor, etc |
Roc, |
| Date of publication, distribution, etc |
c2011. |
| 300 ## - PHYSICAL DESCRIPTION |
| Extent |
420 p. ; |
| Dimensions |
24 cm. |
| 520 ## - SUMMARY, ETC. |
| Summary, etc |
A supervolcanic eruption in Yellowstone Park destroys crops and livestock, clogs machinery, and makes cities uninhabitable. Those who survive find themselves caught in an apocalyptic catastrophe in which humanity has no choice but to rise from the ashes and recreate the world. |
| 650 #0 - SUBJECT ADDED ENTRY--TOPICAL TERM |
| Topical term or geographic name as entry element |
Volcanoes |
| Form subdivision |
Fiction. |
| 9 (RLIN) |
5695798 |
| 650 #0 - SUBJECT ADDED ENTRY--TOPICAL TERM |
| Topical term or geographic name as entry element |
Natural disasters |
| Geographic subdivision |
United States |
| Form subdivision |
Fiction. |
| 9 (RLIN) |
5887601 |
| 651 #0 - SUBJECT ADDED ENTRY--GEOGRAPHIC NAME |
| Geographic name |
Yellowstone National Park |
| Form subdivision |
Fiction. |
| 9 (RLIN) |
5887602 |
| 650 #7 - SUBJECT ADDED ENTRY--TOPICAL TERM |
| Topical term or geographic name as entry element |
Volcanoes |
| Form subdivision |
Fiction. |
| Source of heading or term |
sears |
| 9 (RLIN) |
5695798 |
| 650 #7 - SUBJECT ADDED ENTRY--TOPICAL TERM |
| Topical term or geographic name as entry element |
Natural disasters |
| Geographic subdivision |
United States |
| Form subdivision |
Fiction. |
| Source of heading or term |
sears |
| 9 (RLIN) |
5887601 |
| 651 #7 - SUBJECT ADDED ENTRY--GEOGRAPHIC NAME |
| Geographic name |
Yellowstone National Park |
| Form subdivision |
Fiction. |
| Source of heading or term |
sears |
| 9 (RLIN) |
5887602 |
| 655 #7 - INDEX TERM--GENRE/FORM |
| Genre/form data or focus term |
Suspense fiction. |
| Source of term |
gsafd |
| 9 (RLIN) |
5887603 |
| 655 #7 - INDEX TERM--GENRE/FORM |
| Genre/form data or focus term |
Science fiction |
| Source of term |
gsafd |
| 9 (RLIN) |
5887604 |
| 655 #0 - INDEX TERM--GENRE/FORM |
| Genre/form data or focus term |
Science fiction, American. |
| 9 (RLIN) |
5807602 |
| 655 #0 - INDEX TERM--GENRE/FORM |
| Genre/form data or focus term |
Suspense fiction, American. |
| 9 (RLIN) |
5679149 |
| 655 #7 - INDEX TERM--GENRE/FORM |
| Genre/form data or focus term |
Science fiction, American. |
| Source of term |
lcgft |
| 9 (RLIN) |
5807602 |
| 655 #7 - INDEX TERM--GENRE/FORM |
| Genre/form data or focus term |
Suspense fiction, American. |
| Source of term |
lcgft |
| 9 (RLIN) |
5679149 |
| 938 ## - |
| -- |
YBP Library Services |
| -- |
YANK |
| -- |
7283716 |
| 938 ## - |
| -- |
Coutts Information Services |
| -- |
COUT |
| -- |
17426161 |
| 938 ## - |
| -- |
Baker and Taylor |
| -- |
BTCP |
| -- |
BK0010766158 |
| 938 ## - |
| -- |
Brodart |
| -- |
BROD |
| -- |
101898606 |
| -- |
$8.99 |
| 942 ## - ADDED ENTRY ELEMENTS (KOHA) |
| Koha item type |
BOOK |
| 948 ## - LOCAL PROCESSING INFORMATION (OCLC); SERIES PART DESIGNATOR (RLIN) |
| Series part designator, SPT (RLIN) |
03/25/2014 |
| z (OCLC) |
Sirsi |
| 994 ## - |
| -- |
02 |
| -- |
WACOL |
| 996 ## - |
| -- |
108313 |
| -- |
34301001283524 |
| -- |
F |
| -- |
bk |
| -- |
wcl |
| -- |
i |
| -- |
12 |
| -- |
25.95 |
| -- |
amazon |
| -- |
Tur |
| -- |
03/25/2014 |
| -- |
08/06/2019 |
| -- |
07/25/2019 |